V. Az "új" konzervatizmus: a tegnap katasztrófája mint a holnap példaképe

Elmentve itt :
Bibliográfiai részletek
Szerző: Elm, Ludwig
Adatforrás:Philobibl
Forrásdokumentuma:Tájékoztató
1986/3., 123-148. p.
Dokumentumtípus: Cikk
Nyelv:magyar
Kulcsszavak:politikaelmélet
Mohler
Rohrmoser
LEADER 00446nab a2200145 c 4500
001 bibDOK00004171
005 20200924120021.1
008 060518s1986 xx hun
100 1 |a Elm, Ludwig 
245 1 0 |a V. Az "új" konzervatizmus: a tegnap katasztrófája mint a holnap példaképe  |c Elm, Ludwig 
500 |a Rathmann János (ford.) 
695 |a politikaelmélet 
695 |a Mohler 
695 |a Rohrmoser 
773 0 |t Tájékoztató  |g 1986/3., 123-148. p.